Etika saksi mengikut teori fiqh : pengalaman Mahkamah Syariah Kota Bharu, Kelantan dalam perbicaraan kes-kes mal /
Saved in:
| Main Author: | |
|---|---|
| Format: | Thesis Book |
| Language: | English |
| Published: |
2007.
|
| Subjects: | |
| Tags: |
Add Tag
No Tags, Be the first to tag this record!
|
| LEADER | 01478cam a2200313 a 4500 | ||
|---|---|---|---|
| 001 | u746092 | ||
| 003 | SIRSI | ||
| 005 | 200709251451 | ||
| 008 | 070925s2007 my t 000 0 eng m | ||
| 040 | |a UMM |d UMA | ||
| 043 | |a a-my-kn | ||
| 090 | |a BP42 |b A1 UM 2007 Muhlhn | ||
| 094 | |a BP42 |b A1 UM 2007 Muhlhn | ||
| 100 | 0 | |a Muhammad Lutpi Haji Nor. | |
| 245 | 1 | 0 | |a Etika saksi mengikut teori fiqh : |b pengalaman Mahkamah Syariah Kota Bharu, Kelantan dalam perbicaraan kes-kes mal / |c Muhammad Lutpi bin Haji Nor @ Haji Mohamed Nor. |
| 260 | |c 2007. | ||
| 300 | |a xvi, 115, [34] leaves ; |c 30 cm. | ||
| 500 | |a AIUM. | ||
| 502 | |a Dissertation (M.Syariah) -- Jabatan Fiqh dan Usul, Akademi Pengajian Islam, Universiti Malaya, 2007. | ||
| 504 | |a Bibliography: leaves [144-149]. | ||
| 650 | 0 | |a Witnesses (Islamic law) |z Kelantan |z Kota Bharu. | |
| 650 | 0 | |a Courts, Islamic |z Kelantan |z Kota Bharu. | |
| 710 | 2 | |a Universiti Malaya. |b Jabatan Fiqh dan Usul. | |
| 900 | |a NHA | ||
| 596 | |a 1 18 | ||
| 999 | |a BP42 A1 UM 2007 MUHLHN |w LC |c 1 |i A513131185 |d 7/5/2016 |e 7/5/2016 |f 5/10/2007 |g 1 |l STACKS |m P01UTAMA |n 6 |r Y |s Y |t TESIS |u 4/10/2007 | ||
| 999 | |a BP42 A1 UM 2007 MUHLHN |w LC |c 2 |i A513120811 |d 17/5/2013 |e 17/5/2013 |f 26/11/2007 |g 1 |l B_KOM4 |m P01UTAMA |n 1 |r Y |s Y |t TESIS |u 26/11/2007 |o .PUBLIC. BKOM 4:28506 | ||
| 999 | |a BP42 A1 UM 2007 MUHLHN |w LC |c 1 |i 746092-2001 |l STACKS |m P18ISLPURI |r Y |s Y |t BUKU |u 18/3/2008 | ||
| 999 | |a BP42 A1 UM 2007 MUHLHN |w LC |c 1 |i A512984220 |l RESERVES |m P18ISLPURI |r Y |s Y |t TESIS |u 3/4/2008 | ||
